| 000 | 01114nam0a22002411 4500 | ||
|---|---|---|---|
| 001 | rc\85480 | ||
| 005 | 20021216131616.4 | ||
| 035 | _a(NLR Aleph) 005353596 | ||
| 090 |
_a6823241 _c6823241 |
||
| 100 | _a20021216d1995 u |0rusy50 ca | ||
| 101 | 0 | _arus | |
| 102 | _aRU | ||
| 105 | _aa ||||||||| | ||
| 200 | 1 |
_aПОВЫШЕНИЕ эффективности использования комбинированных почасобрабатывающе-посевных машин _fКовриков И.Т., Ногтиков А.А., Сазонов С.Н. и др. _gРос. акад. с.-х. наук, Всерос. н.-и. и проект.-технол. ин-т по использ. техники и нефтепродуктов в сел. хоз-ве (ВИИТиН), Оренб. гос. с.-х. акад. |
|
| 210 |
_aТамбов _cБ. и. _d1995 |
||
| 215 |
_a82 с. _cил. _d20 |
||
| 320 | _aБиблиогр.: с. 80-81 | ||
| 701 | 1 |
_aКовриков _bИ. Т. _gИван Тимофеевич |
|
| 801 | 0 |
_aRU _bNLR _gpsbo |
|
| 801 | 1 |
_aRU _bELAR _2rusmarc |
|
| 852 |
_aNLR _j95-4/10579 |
||
| 942 | _cBOOK | ||
| 980 | _aNB | ||